<?xml version="1.0" encoding="UTF-8"?>
<collection xmlns="http://www.loc.gov/MARC21/slim">
 <record>
  <leader>01320pmm a22003018a 4500</leader>
  <controlfield tag="001">00030286</controlfield>
  <controlfield tag="005">20171026081022.0</controlfield>
  <controlfield tag="008">130108s2009                  ||||||engsd</controlfield>
  <datafield tag="020" ind1="#" ind2="#">
   <subfield code="a">9780194416191</subfield>
  </datafield>
  <datafield tag="041" ind1="0" ind2="#">
   <subfield code="a">eng</subfield>
  </datafield>
  <datafield tag="082" ind1="1" ind2="4">
   <subfield code="a">428</subfield>
   <subfield code="b">I311R</subfield>
  </datafield>
  <datafield tag="245" ind1="1" ind2="0">
   <subfield code="h">nguồn liệu điện tử]</subfield>
   <subfield code="a">Inside reading 4</subfield>
   <subfield code="b">Student CD- ROM</subfield>
  </datafield>
  <datafield tag="260" ind1="#" ind2="#">
   <subfield code="a">New York</subfield>
   <subfield code="b">Oxford University Press</subfield>
   <subfield code="c">2009</subfield>
  </datafield>
  <datafield tag="300" ind1="#" ind2="#">
   <subfield code="a">1 CD</subfield>
   <subfield code="c">4 3/4 in.</subfield>
   <subfield code="e">Sách</subfield>
  </datafield>
  <datafield tag="653" ind1="#" ind2="#">
   <subfield code="a">Kỹ năng đọc hiểu</subfield>
  </datafield>
  <datafield tag="653" ind1="#" ind2="#">
   <subfield code="a">Luyện thi</subfield>
  </datafield>
  <datafield tag="653" ind1="#" ind2="#">
   <subfield code="a">Tiếng Anh</subfield>
  </datafield>
  <datafield tag="653" ind1="#" ind2="#">
   <subfield code="a">Đĩa CD</subfield>
  </datafield>
  <datafield tag="852" ind1="#" ind2="#">
   <subfield code="j">DPT.0000301, DPT.0001351, DPT.0001352, DPT.0001353, DPT.0001354, DPT.0001355, DPT.0001356, DPT.0001357, DPT.0001358, DPT.0001359, DPT.0001360, DPT.0001361, DPT.0001362, DPT.0001363, DPT.0001364, DPT.0001365, DPT.0001366, DPT.0001367, DPT.0001368, DPT.0001350</subfield>
   <subfield code="b">Kho đa phương tiện</subfield>
  </datafield>
  <datafield tag="852" ind1="#" ind2="#">
   <subfield code="j">DPT.0001352</subfield>
   <subfield code="j">DPT.0001353</subfield>
   <subfield code="j">DPT.0001355</subfield>
   <subfield code="j">DPT.0001356</subfield>
   <subfield code="j">DPT.0001358</subfield>
   <subfield code="j">DPT.0001359</subfield>
   <subfield code="j">DPT.0001361</subfield>
   <subfield code="j">DPT.0001362</subfield>
   <subfield code="j">DPT.0001364</subfield>
   <subfield code="j">DPT.0001365</subfield>
   <subfield code="j">DPT.0001367</subfield>
   <subfield code="j">DPT.0001368</subfield>
   <subfield code="j">DPT.0001350</subfield>
   <subfield code="j">DPT.0000301</subfield>
   <subfield code="j">DPT.0001351</subfield>
   <subfield code="j">DPT.0001354</subfield>
   <subfield code="j">DPT.0001357</subfield>
   <subfield code="j">DPT.0001360</subfield>
   <subfield code="j">DPT.0001363</subfield>
   <subfield code="j">DPT.0001366</subfield>
  </datafield>
  <datafield tag="910" ind1="0" ind2="#">
   <subfield code="d">08/01/2013</subfield>
  </datafield>
  <datafield tag="980" ind1="#" ind2="#">
   <subfield code="a">Trung tâm Học liệu Lê Vũ Hùng, Trường Đại học Đồng Tháp</subfield>
  </datafield>
 </record>
</collection>
